| 000 | 01061nam a22002297a 4500 | ||
|---|---|---|---|
| 003 | OSt | ||
| 005 | 20250911170157.0 | ||
| 008 | 240223b ||||| |||| 00| 0 eng d | ||
| 040 | _c0 | ||
| 082 | _aDPer 621.317 Ie21 May 2022 v. 37 n. 5 | ||
| 100 |
_aAbianeh, Ali Jafarian. _eauthor. _953215 |
||
| 245 |
_aCyber-resilient sliding-mode consensus secondary control scheme for islanded AC microgrids / _cAli Jafarian Abianeh, Mohammad Mehdi Mardani, Farzad Ferdowsi, Raju Gottumukkala, and Tomislav Dragicevic. |
||
| 260 |
_aNew York ; _bThe Institute of Electrical and Electronics Engineers, Inc. , _cMay 2022. |
||
| 300 |
_aVolume 37, pages 6074-6089 : _billustration ; _c28 cm. |
||
| 500 | _aIEEE Transactions on Power Electronics, vol. 37, no. 5, pages 6074-6089, May 2022. | ||
| 700 |
_aAbianeh, Ali Jafarian. _eauthor. _953215 |
||
| 700 |
_aMardani, Mohammad Mehdi. _eauthor. _953216 |
||
| 700 |
_aFerdowsi, Farzad. _eauthor. _953217 |
||
| 700 |
_aGottumukkala, Raju. _eauthor. _953218 |
||
| 700 |
_aDragicevic, Tomislav. _eauthor. _953219 |
||
| 942 |
_2ddc _cPER |
||
| 999 |
_c19331 _d19331 |
||